Регионална библиотека "Любен Каравелов" - Русе

Идеите в литературния процес (Запис номер 399723)

MARC детайли
000 -Лидер
Контролно поле с фиксирана дължина 01621nam a2200313 a 4500
003 - Код на организацията, давaща контролен номер
Контролно поле BLK
005 - Дата и час на последна редакция
Контролно поле 20240620005258.0
008 - Елементи от данни с фиксирана дължина
fixed length control field 210302b bu |||||r|||| 00| | bu d
020 ## - Международен стандартен номер на книга ISBN
Международен стандартен номер на книга ISBN 9789540914404
040 ## - Източник на каталожния запис
Идентификатор на билиотеката - собственик на записа BLK
041 ## - Код за език
Код за езика на текст/звукозапис или на отделно заглавие Български
Код за езика КДБФ Български
080 ## - УДК
Текстов определител УДК Българска литература
УДК код - определител по УДК 821.163.2
УДК определител .09
УДК - код + определител 821.163.2.09
100 1# - Редна дума - Автор
Автор Анчев, Панко Кирилов
Дати, свързани с автора 1946 -
Автор - информация (биография) Литературовед, историк, философ, публицист.
R(LIN) 32971
139 ## - Редно поле
Редна дума Анчев, Панко Кирилов
Авторски знак Анч - А 77
245 ## - Сведения за заглавието
Заглавие Идеите в литературния процес
Подзаглавни данни Българската литература в Модерната епоха
Редно поле (дума) Панко Анчев
257 ## - Страна на издаване
Страна на създаване/издаване България
260 ## - Област на издателските данни
9 (RLIN) 209473
Място на издаване, разпространение и проч. София
Име на издателя, разпространителя и проч. Захарий Стоянов
Година на издаване 2020
Печатница ([София] : Миг принт)
Издателство - префикс ISBN 978-954-739- ; 978-954-09- ; 954-9559-
300 ## - Физическа характеристика
Страници 367 с.
Размери/Мащаб 22 см
380 ## - Жанр
Жанр Литературознание
500 ## - Общи забележки
Забележка Преносно литературно-критическо изследване / Иван Гранитски: с. 361-366. - Иван Гранитски - псевд. на авт. на доп. материал Иван Йорданов Димитров. - Биогр. данни за авт.
650 #0 - Допълнително описание по предмет – тема
Основно описание – тема или топоним Българска литература - история и критика
9 (RLIN) 287605
653 #7 - Ключова дума – ненормативна
9 (RLIN) 190005
Ключова дума литературознание
852 ## - Местоположение
Форматна сигнатура Цб 306481
Фондова буква Хранилище
852 ## - Местоположение
Фондова буква Заемна - подръчен фонд
Систематично-азбучна сигнатура 821.163.2.09/А 77 П
999 ## - СИСТЕМНИ КОНТРОЛНИ НОМЕРА
Koha biblionumber 399723
Koha biblioitemnumber 399723
942 ## - АРТИКУЛИ
Вид на библиотечния материал Книги
Скрит в OPAC Не
Периодичен библиозапис Да
944 ## - СЪЗДАВАНЕ И РЕДАКЦИЯ на ЗАПИСА
Създаване/Редакция Създаване
Дата на регистрацията/редакция 2021-03-02
Служител, извършил регистрацията/редакцията
Статус, дата на статуса CRON CRON
944 ## - СЪЗДАВАНЕ И РЕДАКЦИЯ на ЗАПИСА
Създаване/Редакция Редакция
Дата на регистрацията/редакция 2021-11-02
Служител, извършил регистрацията/редакцията ГГГ
999 ## - СИСТЕМНИ КОНТРОЛНИ НОМЕРА
Koha biblioitemnumber 399723
Наличности
Код за отписване Код за изгубен артикул Източник на класификационната схема Код за повреда Коз за рестрикции Код за отдаване Артикулен № Име на библиотеката - собственик Име на библиотеката, в която се намира в момента Статус (Текущо местоположение) Дата на вписване в системата Местоположение - отдел Цена в лева Систематично азбучна сигнатура Баркод Цена в евро Служебен тип на артикула
  Не е изгубен Universal Decimal Classification Не е повреден само за читалня ползва се в читалня 814230 Регионална библиотека "Любен Каравелов" Русе Регионална библиотека "Любен Каравелов" Русе Хранилище 2021-03-04 Хранилище 20.00 Цб 306481 120000851725 10.23 Книги
  Не е изгубен Universal Decimal Classification Не е повреден без рестрикции заемане за дома 859671 Регионална библиотека "Любен Каравелов" Русе Регионална библиотека "Любен Каравелов" Русе Заемна - подръчен фонд 2021-11-02 Заемна - подръчен фонд 14.00 821.163.2.09/А 77 П 120000861694 7.16 Книги
Vip Innovations Ltd, Rousse, Bulgaria 2025